Flags Made Out Of Food - Statistics

General Stats
  • This quiz has been taken 20 times
  • The average score is 13 of 18
Answer Stats
Picture Answer % Correct
Japan
86%
South Korea
86%
Turkey
86%
United Kingdom
86%
United States
86%
Brazil
79%
China
79%
India
79%
Italy
79%
Spain
79%
Switzerland
79%
Australia
71%
Greece
71%
France
64%
Indonesia
57%
Lebanon
57%
Thailand
57%
Vietnam
57%
No matching quizzes found
Score Distribution
Percent of People with Each Score
Percentile by Number Answered
Your Score History
You have not taken this quiz